000 00301nam a22001337a 4500
008 171030b xxu||||| |||| 00| 0 eng d
020 _a9780324561258
041 _aeng
080 _23 ED
_a336
100 _a56
101 _aFIN
245 _aENTERPRENEURIAL FIANNCE
_cMELICHER.L
942 _2udc
_cBK
999 _c36347
_d36347